Ezopovy Fabule a Brantovy rozprávky dle sborníku prostějovského z r. 1557

Bibliographic Details
Main Author: Albín, Jan (Author)
Other Authors: Truhlář, Antonín 1849-1908 (Editor)
Format: Book
Language:Czech
PhysicalDescription:LXIII, 415, 2 s. ilustr. 4°
Published: Praha Česká akademie císaře Františka Josefa pro vědy, slovesnost a umění 1901
Series:Sbírka pramenův ku poznání literárního života v Čechách, na Moravě a ve Slezsku
Subjects:

MARC

LEADER 00000nam a2200000 a 4500
001 vtls001147544
003 SK-MaSNL
005 20260302064625.0
008 240314s1901 xr a 0 100 cze
035 |a SNK000090403 
040 |a SNK  |b slo  |c SNK  |e AACR2 
041 0 |a cze 
044 |a xr 
080 |a 82-34  |2 2001 
080 |a 80  |2 2001 
100 1 |a Albín, Jan  |4 aut  |9 726972 
245 1 0 |a Ezopovy Fabule a Brantovy rozprávky  |b dle sborníku prostějovského z r. 1557  |c Jan Albín ; vydal, úvodem a poznámkami opatřil Antonín Truhlář 
260 |a Praha  |b Česká akademie císaře Františka Josefa pro vědy, slovesnost a umění  |c 1901 
300 |a LXIII, 415, 2 s.  |b ilustr.  |c 4° 
490 1 |a Sbírka pramenův ku poznání literárního života v Čechách, na Moravě a ve Slezsku. Skup. 1, Památky řeči a literatury české, Řada II  |v č. 3 
504 |a Bibliogr. odkazy. Reg. 
600 0 7 |a Ezop,  |d 6. stor. pred Kr  |2 SNKPH  |9 172338 
650 0 7 |a rozprávky  |2 SNKPH  |9 75941 
650 0 7 |a filológia  |2 SNKPH  |9 861 
700 1 |a Truhlář, Antonín  |d 1849-1908  |4 edt  |9 290009 
830 0 |a Sbírka pramenův ku poznání literárního života v Čechách, na Moravě a ve Slezsku  |9 726973 
958 |a RK 
999 |c 1138439  |d 1140369 
952 |a SNK  |b SNK  |y VYP  |7 0  |o snkIB 48/3   |0 0  |1 0  |4 0  |d 2003-03-13  |l 0  |r 2005-01-01 00:00:00  |w 2026-02-24